000
00243nam a2200097Ia 4500
001
683237
005
20250826161434.0
008
250824s9999 xx 000 0 und d
245
0
_a
EFKAR VAKTİ
_c
AHMED GÜNBAY YILDIZ
260
_b
TİMAŞ YAYINLARI
999
_c
683237
_d
683237